Statistics for Lord of the Rings by letter - D

Click here to take the quiz!

General Stats

  • This quiz has been taken 419 times
    (29 since last reset)
  • The average score is 7 of 13

Answer Stats

Hint Answer % Correct
Race to which for example Gimli and Thorin belongDwarf
100%
Steward of Gondor until he burns himselfDenethor II
88%
Smeagol leads Frodo and Sam through these marshesThe {Dead} Marshes
85%
The Balrog of Moria is his BaneDurin
85%
Smeagol killed this Hobbit and took the ring from himDeagol
69%
Descendants of Numenor, a class of men to which Aragorn belongsDunedain
65%
City of men close to the Lonely MountainDale
46%
The Necromancer dwelt hereDol Guldur
38%
The Site of the Battle in which Isildur cut the Ring off Sauron's handDagorlad
23%
Imrahil the Fair is Prince hereDol Amroth
23%
Stronghold in Rohan from where the Rohirrim ride to Minas TirithDunharrow
23%
The Mines of Moria end into this valley{Dimrill} Dale
19%
Eowyn secretly joins battle under this nameDernhelm
12%

Score Distribution

Percentile by Number Answered

Percent of People with Each Score

Your Score History

You have not taken this quiz since the last reset